Mantenimiento y mejoras del producto de software performance Tools/400 para sistemas intermedios IBM /

Kaydedildi:
Detaylı Bibliyografya
Yazar: Hernández Páez, Claudia Elena (autor)
Materyal Türü: Tez Kitap
Dil:İspanyolca
Baskı/Yayın Bilgisi: Guadalajara, México : edición de autor, 1995
Konular:
Etiketler: Etiketle
Etiket eklenmemiş, İlk siz ekleyin!

MARC

LEADER 00000nam^a2200000^a^4500
001 000047703
005 20250521000000.0
009 20260310090101.753
037 |a Acervo ITESO - Biblioteca 
041 |a ESP 
090 |a ISC. 123 
100 |a Hernández Páez, Claudia Elena  |e (autor) 
245 1 0 |a Mantenimiento y mejoras del producto de software performance Tools/400 para sistemas intermedios IBM /  |c C.E. Hernández Páez. 
264 1 |a Guadalajara, México :  |b edición de autor,  |c 1995 
300 |a 66 p. 
336 |a texto  |b txt  |2 rdacontenido 
337 |a sin mediación  |b n  |2 rdamedio 
338 |a volumen  |b nc  |2 rdasoporte 
502 |a ITESO Reporte Profesional de Licenciatura en Ingeniería en Sistemas Computacionales 
649 |a XX 
650 |a Ingeniería Computacional 
650 |a Programación (Software) 
650 |a Desarrollo de Sistemas 
910 |a Fondo General 
920 |a Impresos - Tesis del ITESO 
930 |a Colección General 
905 |a 104 
901 |a 0500003079  |b IT2  |c TSS  |u 20250521 
902 |a https://opac.biblio.iteso.mx/vufind/Record/000047703